000
00279nam a22001337a 4500
008
230913b ||||| |||| 00| 0 eng d
041
_a
eng
080
_a
521
082
_a
521MER
100
_a
19
101
_a
ASTRO
245
_a
SPACE CHEMISTRY
_c
MERRILL.P
942
_2
udc
_c
BK
999
_c
60356
_d
60356